Obras (Registro nro. 65616)
[ vista simple ]
| 000 -ENCABEZADO | |
|---|---|
| Número de control [NR] | 01125nam a2200277Ia 4500 |
| 008 - DE LONGITUD FIJA DE DATOS DE ELEMENTOS - INFORMACIÓN GENERAL | |
| Elementos de longitud fija [NR] | 130821s2005 sp gr spa |
| 020 ## - NUMERO INTERNACIONAL NORMALIZADO PARA LIBROS [R] | |
| Número Internacional Normalizado del libro [NR] | 9788430942572 |
| 040 ## - FUENTE DE CATALOGACION [NR] | |
| Agencia de catalogación original [NR] | Co-BoUCM |
| Idioma de catalogación [NR] | spa |
| 041 00 - CODIGO DE IDIOMA [R] | |
| Código de idioma para texto/pista de sonido o título separado [R] | Español |
| 100 1# - ASIENTO PRINCIPAL--NOMBRE PERSONAL [NR] | |
| Nombre personal [NR] | Epicuro |
| Fechas asociadas con el nombre [NR] | 341-270 A. C. |
| ID Autoridad | 1583 |
| 245 10 - MENCION DE TITULO [NR] | |
| Título [NR] | Obras |
| Mención de responsabilidad, etc. [NR] | estudio preliminar, traducción y notas de Montserrat Jufresa ; con la colaboración de Montserrat Camps y Francesca Mestre |
| 250 ## - MENCION DE EDICION [NR] | |
| Mención de edición [NR] | 5a ed. |
| 260 ## - PUBLICACION, DISTRIBUCION, ETC. (PIE DE IMPRENTA) [R] | |
| Lugar de publicación, distribución, etc. [R] | Madrid (España) |
| Nombre del editor, distribuidor, etc. [R] | Tecnos |
| Fecha de publicación, distribución, etc. [R] | 2005 |
| 300 ## - DESCRIPCION FISICA [R] | |
| Extensión [R] | lxxxii, 101 páginas |
| 490 #0 - MENCION DE SERIE [R] | |
| Mención de serie [R] | Colección Clásicos del Pensamiento. |
| -- | Clásicos del Pensamiento / Eloy García |
| 504 ## - NOTA DE BIBLIOGRAFIA, ETC. [R] | |
| Nota de bibliografía, etc. [NR] | |
| 600 ## - ASIENTO SECUNDARIO DE MATERIA - NOMBRE PERSONAL [R] | |
| Nombre personal [NR] | Epicuro |
| Fechas asociadas con el nombre [NR] | 341-270 a. C. |
| -- | 341-270 a. C. |
| Subdivisión general [R] | Pensamiento filosófico |
| 9 (RLIN) | 165329 |
| 600 14 - ASIENTO SECUNDARIO DE MATERIA - NOMBRE PERSONAL [R] | |
| Nombre personal [NR] | Epicuro |
| Fechas asociadas con el nombre [NR] | 341-270 a. C. |
| -- | 341-270 a. C. |
| Subdivisión de forma [R] | Colecciones de escritos |
| 9 (RLIN) | 165328 |
| 650 04 - ASIENTO SECUNDARIO DE MATERIA - TERMINO TEMATICO [R] | |
| Término temático o nombre geográfico como elemento de entrada [NR] | Filosofía antigua |
| 9 (RLIN) | 15727 |
| 650 04 - ASIENTO SECUNDARIO DE MATERIA - TERMINO TEMATICO [R] | |
| Término temático o nombre geográfico como elemento de entrada [NR] | Filosofía griega |
| 9 (RLIN) | 15815 |
| 650 04 - ASIENTO SECUNDARIO DE MATERIA - TERMINO TEMATICO [R] | |
| Término temático o nombre geográfico como elemento de entrada [NR] | Filosofía |
| 9 (RLIN) | 75 |
| 700 1# - ASIENTO SECUNDARIO - NOMBRE PERSONAL [R] | |
| Nombre personal [NR] | Camps, Montserrat |
| 9 (RLIN) | 166507 |
| 700 1# - ASIENTO SECUNDARIO - NOMBRE PERSONAL [R] | |
| Nombre personal [NR] | Jufresa, Montserrat |
| 9 (RLIN) | 166508 |
| 700 1# - ASIENTO SECUNDARIO - NOMBRE PERSONAL [R] | |
| Nombre personal [NR] | Mestre, Francesca |
| 9 (RLIN) | 166509 |
| 942 ## - ELEMENTOS DE ENTRADA AGREGADOS (KOHA) | |
| Tipo de ítem principal el descrito en 300a | Libro |
| Sistema de clasificación | DEWEY |
| Tema principal | Filosofía |
| Edición | 5 |
| Clasificación | 187 |
| Parte restante de la signatura top. | E641oe |
| Fecha de último préstamo | Total préstamos | Total Renewals | Signatura topográfica | Código de barras | Última vez visto | Volúmen / Fascículo | Ejemplar | Price effective from | Tipo de ítem | Perdido | Sistema de clasificación | Dañado | No prestable | Tipo de ítem específico | Suprimido | Ubicación habitual | Ubicación actual | Localización | Fecha de creación | Forma de adquisición | Costo |
|---|---|---|---|---|---|---|---|---|---|---|---|---|---|---|---|---|---|---|---|---|---|
| 09/05/2025 | 3 | 1 | 187 E641oe | 100105237 | 05/12/2025 | 5a. Ed | Ej.1 | 03/02/2013 | Libro | DEWEY | Libro | Claustro | Claustro | 2do piso | 28/02/2010 | Compra | 44200.00 |